00945nam a22002537a 45000010005000000030006000050050017000110080041000280200018000690400029000870500008001161000019001242450133001432600052002763000061003284900033003895050008004225200095004305210028005255210020005536500039005736500041006127000038006539499FISKH20260115123126.0260115b cb ||||| |||| 00| 0 eng d a9780525458418 aFISKHbengcFISKHdFISKH aPZ7 aMilne , A. A.  aWinnie-the-Pooh's giant Lift-the-Flap book / cInspired By A. A. Milne with illustrations after the story of Ernest H. Shepard  aNew York : bDutton Children's Books , c1997 . a10 unnumbered pages : bcolor illustrations ; c31 cm .  aGiant Lift-the-Flap - Disney aD  aIntroduces shapes, colors, numbers, letters, and how to tell time in a lift-the-flap book.8 a200 bLexile estimat 8 aD bRaz-Plus  aLift the flapvJuvenile literature aWinnie the PoohvJuvenile literature aShepard , Ernest H. eIllustrator